UM Logo

Magnetic field energy harvesting in railway / (Record no. 19632)

MARC details
000 -LEADER
fixed length control field 00863nam a22002057a 4500
003 - CONTROL NUMBER IDENTIFIER
control field OSt
005 - DATE AND TIME OF LATEST TRANSACTION
control field 20250827181455.0
008 - FIXED-LENGTH DATA ELEMENTS--GENERAL INFORMATION
fixed length control field 240313b ||||| |||| 00| 0 eng d
040 ## - CATALOGING SOURCE
Transcribing agency 0
082 ## - DEWEY DECIMAL CLASSIFICATION NUMBER
Classification number DPer 621.317 Ie21 July 2022 v.37 n. 7
100 ## - MAIN ENTRY--PERSONAL NAME
Personal name Espe, Asbjorn Engmark.
Relator term author.
9 (RLIN) 54436
245 ## - TITLE STATEMENT
Title Magnetic field energy harvesting in railway /
Statement of responsibility, etc. Asbjorn Engmark Espe, Thomas Sagvold Haugan, and Geir Mathisen
260 ## - PUBLICATION, DISTRIBUTION, ETC. (IMPRINT)
Place of publication, distribution, etc. New York ;
Name of publisher, distributor, etc. The Institute of Electrical and Electronics Engineers, Inc. ,
Date of publication, distribution, etc. July 2022.
300 ## - PHYSICAL DESCRIPTION
Extent volume 37, pages 8659-8668 :
Other physical details illustration ;
Dimensions 28 cm.
500 ## - GENERAL NOTE
General note IEEE Transactions on Power Electronics, vol. 37, no. 7, pages 8659-8668, July 2022.<br/>
700 ## - ADDED ENTRY--PERSONAL NAME
Personal name Espe, Asbjorn Engmark.
Relator term author.
9 (RLIN) 54436
700 ## - ADDED ENTRY--PERSONAL NAME
Personal name Haugan, Thomas Sagvold.
Relator term author.
9 (RLIN) 54437
700 ## - ADDED ENTRY--PERSONAL NAME
Personal name Mathisen, Geir.
Relator term author.
9 (RLIN) 54438
942 ## - ADDED ENTRY ELEMENTS (KOHA)
Source of classification or shelving scheme Dewey Decimal Classification
Koha item type Periodicals
Holdings
Withdrawn status Lost status Source of classification or shelving scheme Damaged status Not for loan Collection code Home library Current library Date acquired Total Checkouts Full call number Date last seen Price effective from Koha item type Public note
    Dewey Decimal Classification     Periodicals UM Digos College - LIC UM Digos College - LIC 03/13/2024   DPer 621.317 Ie21 July 2022 v.37 n. 7 03/13/2024 03/13/2024 Periodicals Periodical Article